000 00239nam a2200097Ia 4500
001 689072
005 20250826161627.0
008 250824s9999 xx 000 0 und d
245 0 _aPROJELER SULTANI
_cYUSUF GÜLDÜR
260 _bHAYAT YAYINLARI
999 _c689072
_d689072